Yüklüyor......

Vivad, virod aur vikas ki narmadha

Detaylı Bibliyografya
Yazar: Aadhil Ghan
Baskı/Yayın Bilgisi: Rajakamal Prakashan
LEADER 00207 a2200097 4500
020
260 |b Rajakamal Prakashan 
942 |c BK  |6 _ 
245 |a Vivad, virod aur vikas ki narmadha 
100 |a Aadhil Ghan 
999 |c 63233  |d 63233